000
00159nam a22000857a 4500
082
_a
823
100
_a
LITA JACOB
245
_a
THE EMPERORS NEW CLOTHS
942
_c
BK
999
_c
8248
_d
8248